004360000a2200145000450024500540000065000180005465000240007265000150009665000220011165300310013365300320016404100130019610000200020977300610022910aPost-natal growth and energetics of suckling bats14aMurciélagos14aFisiología animal14aBiología14aDesarrollo animal gMyotiseMyotis lucífugus gEptesicuseEptesycus fuscus0 aInglés1 aKunz, Thomas H.1 tRecent Advances in the Study of Bats3528q395-420d1987